000 00649nam a2200241 i 4500
001 C2-0132623
003 PPAK
005 20180727123040.0
008 971022s1992 nyua|||| ||||| | eng d
020 _a0671743163
040 _aPPAK
_beng
_cPPAK
_erda
082 0 4 _a793.74
_223
090 0 0 _a793.74
_bWYL
_dK
100 1 _aWyler, Rose,
_eauthor
245 1 0 _aMath fun with tricky lines and shapes
264 1 _aNew York :
_bJulian Messner ,
_c1992
300 _a64 pages :
_billustrations ;
_c25 cm
336 _2rdacontent
_atext
337 _2rdamedia
_aunmediated
338 _2rdacarrier
_avolume
650 1 0 _aGeometry
942 _ddc
_cB
999 _c41577
_d41577